Australia Facts Quiz - Statistics

General Stats
  • This quiz has been taken 50 times
  • The average score is 7 of 15
Answer Stats
Question Answer % Correct
Capital City Canberra
100%
Official language English
100%
__% of Australians live on the coast 90
70%
The _____ _______ ____ is the largest ecosystem in the world Great Barrier Reef
65%
Australia is the only continent in the world without an active _______ Volcano
65%
__% of the animals are unique to Australia 80
53%
How many times more sheep does Australia have than people? 3 times more
50%
The Australian Alps get more snow than the_____Alps Swiss
45%
________ has the cleanest air in the world Tasmania
40%
______ ______ is the largest sand island in the world Fraser Island
33%
How many kilometres of Uluru is underground 2.5
25%
An Australian man once tried to sell ___ _______ on eBay New Zealand
18%
If you visit one new beach in Australia every day, how many years will it take to see them all? 27
15%
The _____ _____ ____ is the world's largest war memorial Great Ocean Road
8%
Australia has over 60 separate wine regions. How many bottles do they approximately produce every year? 1.35 Trillion
3%
No matching quizzes found
Score Distribution
Percent of People with Each Score
Percentile by Number Answered
Your Score History
You have not taken this quiz